00930nam a2200229 a 4500001001000000003000500010005001700015008004100032010001100073011001100084040000900095100002800104245018700132260004100319500006000360502008500420650002400505650003000529650002800559650004300587856007000630000116044CHAP20220329144558.0190830s2019 mx a sm |||||||spa d a112505 a113477 cCHAP1 aCruz Francisco, Rafael.10aAnálisis de factibilidad para la ampliación de 10ha en una plantación de banano (Musa paradisiaca) en el municipio de Teapa. Tabasco /h[En línea]cpor Rafael Cruz Francisco. aChapingo, Méx. :bEl autor,c2019. aPara ver el contenido del material haga clic en la liga aTesis (Ing. Agriondustrial) -- UACH. Departamento de Ingeniería Agroindustrial14aPlátanoxCalidad.14aPlátanoxExportación.14aPlátanoxRendimiento.14aProyectos de desarrolloxEvaluación. aFinding aiduhttp://10.13.5.2/tesis/sist116044.pdfzTeclea aquí